Analiza dochodów i wydatków gospodarstw domowych osób pracujących na własny rachunek w Polsce w latach 2002-2007 = (Rekord nr 4595)
| 000 -ETYKIETA REKORDU | |
|---|---|
| podpole kontrolne o stałej długości | 01366nab a2200241 i 4500 |
| 001 - NUMER KONTROLNY REKORDU | |
| podpole kontrolne | BPP |
| 003 - IDENTYFIKATOR NUMERU KONTROLNEGO REKORDU | |
| podpole kontrolne | BPK |
| 005 - DATA OSTATNIEJ MODYFIKACJI REKORDU | |
| podpole kontrolne | 20160121111147.0 |
| 008 - POLE O STAŁEJ DŁUGOŚCI - DANE KONTROLNE | |
| podpole kontrolne o stałej długości | 160121s2009 pl | | |000 ||pol |
| 040 ## - ŹRÓDŁO KATALOGOWANIA | |
| Instytucja, która utworzyła rekord | BPK |
| 041 ## - KOD JĘZYKA | |
| Kod języka tekstu | pol |
| Kod języka streszczenia lub abstraktu | eng |
| 080 ## - UNIWERSALNA KLASYFIKACJA DZIESIĘTNA - UKD | |
| UKD | 330.567.28 |
| 100 ## - NAZWA OSOBOWA | |
| Nazwa osobowa | STRZELECKA, Agnieszka. |
| Lata pracy | 2006 - . |
| Instytucja | Politechnika Koszalińska - Instytut Ekonomii i Zarządzania, |
| Wydział | Zakład Finansów |
| 245 ## - TYTUŁ/ODPOWIEDZIALNOŚĆ | |
| Tytuł | Analiza dochodów i wydatków gospodarstw domowych osób pracujących na własny rachunek w Polsce w latach 2002-2007 = |
| Ciąg dalszy tytułu | The analysis of incomes and expenditures of the self-employed households in Poland in years 2002-2007 / |
| Pozostałe elementy strefy tytułu i oznaczenia odpowiedzialności | Agnieszka Strzelecka. |
| 260 ## - STREFA ADRESU WYDAWNICZEGO | |
| Data publikacji, dystrybucji/powstania dokumentu | 2009. |
| 500 ## - UWAGI OGÓLNE | |
| Tekst uwagi | Dane z autopsji. |
| 520 ## - UWAGA DOTYCZĄCA TREŚCI DOKUMENTU | |
| Analiza dokumentacyjna, adnotacja itp. | Autorka artykułu dokonuje analizy dochodów oraz wydatków gospodarstw domowych osób pracujących na własny rachunek w Polsce w latach 2002-2007. Analizie poddano przeciętny miesięczny dochód rozporządzalny na 1 mieszkańca oraz wysokość i strukturę przeciętnych miesięcznych wydatków na 1 mieszkańca gospodarstwa domowego omawianej grupy społeczno-ekonomicznej. |
| 650 #0 - HASŁO PRZEDMIOTOWE W FORMIE NAZWY OGÓLNEJ LUB JEDNOSTKOWEJ | |
| Nazwa ogólna lub geograficzna | Gospodarstwo domowe. |
| 650 ## - HASŁO PRZEDMIOTOWE W FORMIE NAZWY OGÓLNEJ LUB JEDNOSTKOWEJ | |
| Nazwa ogólna lub geograficzna | Budżety rodzinne. |
| 650 ## - HASŁO PRZEDMIOTOWE W FORMIE NAZWY OGÓLNEJ LUB JEDNOSTKOWEJ | |
| Nazwa ogólna lub geograficzna | Dochody indywidualne. |
| 773 ## - TYTUŁ DOKUMENTU MACIERZYSTEGO | |
| Wyrażenie wprowadzające | W : |
| Tytuł | Zeszyty Naukowe Instytutu Ekonomii i Zarządzania Politechniki Koszalińskiej. - |
| Informacje dotyczące relacji | 2009, nr 13, s. 27-38 |
| 942 ## - HASŁO DODATKOWE - ELEMENTY(KOHA) | |
| Typ dokumentu | Artykuł |
| Schemat klasyfikacji | Uniwersalna klasyfikacja dziesiętna |
| Wycofany | Zagubiony | Uszkodzony | Dostępność | Lokalizacja stała | Lokalizacja bieżąca | Sygnatura | Typ dokumentu |
|---|---|---|---|---|---|---|---|
| Dostępny | Bibliografia Prac Pracowników - BPK | Bibliografia Prac Pracowników - BPK | 0102 | Artykuł |
